000 00918nam a2200205Ia 4500
003 Ost
005 20260507075408.0
008 260507s9999||||xx |||||||||||||| ||und||
020 _a9842404977
040 _cfsecg
041 _aara
082 _a330
100 _aالصيرفي، محمد
_eمؤلف
245 0 _aالأساليب الكمية الإلكترونية /
_c محمد الصيرفي
260 _a[دون مكان]:
_bدار الكتاب القانوني,
_c[دون تاريخ]
300 _a679 صفحة؛
_bإيضاحات ؛
_c24 سم
504 _aالمراجع ص.677
520 _a-الخطر ، التأمين ، التأمين على الحياة ، التأمين البحري، التأمين الإجتماعي ، التأمين ضد الحريق ، تأمينات المسؤولية المدنية تأمينات السيارات ، تأمينات الطيران
942 _cكتاب
999 _c44335
_d44335